000 00374nam a2200169Ia 4500
008 221030s9999 xx 000 0 und d
020 _a0070402248
041 _aEnglish
082 _a105.23
_bKha
100 _aM. Y. Khan
245 0 _aCost Accounting
260 _bTMH
_aNew Delhi
_c2003
300 _a19.48
650 _aComputers
700 _aP.K. Jain
942 _cBK
999 _c8752
_d8752